Introduction to estimating economic models
Salvato in:
| Autore principale: | |
|---|---|
| Natura: | Libro |
| Lingua: | inglese |
| Pubblicazione: |
Abingdon
Routledge
2011
|
| Soggetti: | |
| Tags: |
Nessun Tag, puoi essere il primo ad aggiungerne!!
|
MARC
| LEADER | 00000nam a2200000 4500 | ||
|---|---|---|---|
| 001 | 0169123 | ||
| 005 | 20250225121147.9 | ||
| 020 | |a 978-0-203-83949-2 | ||
| 041 | 0 | |a eng | |
| 044 | |a GB | ||
| 245 | 1 | 0 | |a Introduction to estimating economic models |c Atsushi Maki |
| 264 | 1 | |a Abingdon |b Routledge |c 2011 | |
| 300 | |a online [xvii, 204 p.] | ||
| 500 | |a EBSCO e-books Economics Collection 2012 | ||
| 610 | 2 | 0 | |a modely ekonomické |
| 610 | 2 | 0 | |a modely makroekonomické |
| 610 | 2 | 0 | |a modely ekonometrické |
| 610 | 2 | 0 | |a modely rovnováhy |
| 610 | 2 | 0 | |a správanie spotrebiteľa |
| 610 | 2 | 0 | |a metóda Monte Carlo |
| 610 | 2 | 0 | |a štatistika |
| 100 | 1 | |a Maki, Atsushi | |